000 01081nam a2200205 a 4500
001 BRCA_8884
005 20190320210439.0
008 150617s1751----sp-#######---#000-0#lat-#
041 _alat
044 _asp
084 _aCO23
_b.P47 1751
100 1 _aPerez Valiente, Joseph
_d1713 - 1789
_922111
245 1 0 _aApparatus juris publici hispanici
_bopus político-juridicum, praecipua juris publici universalis, simulque hispanici elementa exponens, quad catholico potentissimo hispaniarum, et indiarum regi D. Fernando VI: sub auspiciis Sermi D. Infantis Cardinalis D. Ludovici Toletanae, et hispalensis ecclsiae in simul praesulis, &c
_cD.O.C. suae Reg. Celsitudinis cubicularius generalis assessor D. Petrus Joseph Perez Valiente...
260 _aMatriti
_bEx Mercurii Officina aJosepho de Orga, Typographo
_c1751
300 _aLVI, 374 p.
_c24.3 x 18 cm
500 _aEstado físico: presenta encuadernación en pergamino con lomo deteriorado y presencia del pez de plata
650 1 4 _aDerecho civil
_yObras anteriores a 1800
_zEspaña
_921603
902 _aCFM
942 _2lcc
_cB
999 _c8535
_d8535